2023-2024 Joukkueet Miesten Salibandysarjoissa F-liiga-M2Div - Statistics

Yleistilastot
  • Tätä visaa on pelattu 84 kertaa
  • Keskiarvotulos 33 / 129
Vastaustilastot
Sarja Joukkue % Oikein
F-Liiga Oilers
94%
F-Liiga Classic
92%
F-Liiga SPV
92%
F-Liiga TPS
92%
F-Liiga Happee
91%
F-Liiga KrP
91%
F-Liiga OLS
91%
F-Liiga Eräviikingit
89%
F-Liiga Nurmon Jymy
89%
F-Liiga Indians
85%
F-Liiga Lasb
83%
M2Div ES LoSB
83%
F-Liiga FBC Turku
74%
Inssi-divari SaiPa
74%
Inssi-divari Karhut
64%
Inssi-divari Josba
62%
Inssi-divari Hawks
60%
Inssi-divari M-Team
60%
Inssi-divari ÅIF
57%
Inssi-divari Koovee
57%
Inssi-divari O2-Jyväskylä
57%
Inssi-divari Salba
57%
Inssi-divari Tikkurilan Tiikerit
57%
M2Div ES NIB
49%
Suomisarja Welhot Ed
49%
Suomisarja Blackbirds
47%
Suomisarja Ilves
47%
Inssi-divari Rangers
47%
Suomisarja Nibacos
45%
Suomisarja Pelicans SB
45%
Inssi-divari LNM
43%
Suomisarja Pirkat
43%
Suomisarja SB Vantaa
42%
Suomisarja PSS
40%
Suomisarja SB Vaasa
38%
Suomisarja Steelers
38%
Suomisarja Sudet SB
38%
Suomisarja Loviisan Tor
36%
Suomisarja SBS Wirmo
34%
Inssi-divari Konnat
30%
Suomisarja SB Naantali
30%
Suomisarja Classic United
28%
Suomisarja FoSu
28%
Inssi-divari Happee Steamers
28%
Suomisarja KrP Akatemia
28%
Suomisarja Sastamolo
28%
Suomisarja SCH
28%
Suomisarja Oilers Akatemia
26%
Suomisarja Voima
26%
M2Div SS Classic Akatemia
25%
Suomisarja Santas United
21%
M2Div KS SB Heinola
21%
Suomisarja SC Wolves
21%
Suomisarja S.S. Storm
21%
Suomisarja Top Team
21%
Suomisarja GrIFK
19%
Suomisarja Blue Fox
17%
Suomisarja Dynamo
17%
Suomisarja Josba Akatemia
17%
M2Div ES Indians II
15%
M2Div SK LeBa-96 OldBoys
15%
M2Div PS OFBC
15%
M2Div PS Papas
15%
Suomisarja PTU
15%
M2Div ES VSS
15%
M2Div SK Apassit
13%
M2Div LR Ruoska
13%
Suomisarja ToTe
11%
M2Div KS KoRe
9%
M2Div KS Kyljykset
9%
Suomisarja Merikoski SBT
9%
M2Div PM SPV II
9%
M2Div KS BB-88
8%
M2Div SK Coach Team
8%
M2Div LR FBC Turku Akatemia
8%
M2Div KS Hatsina
8%
M2Div SS KU-68
8%
M2Div KS MäVi
8%
M2Div ES M-Team II
8%
Suomisarja O2-Jyväskylä Akatemia
8%
M2Div LR SBS Masku
8%
M2Div SS Typpee
8%
M2Div PS KeLy
6%
M2Div SS LASB Hml
6%
M2Div ES Loiske Kamikaze
6%
Suomisarja MLT
6%
M2Div SS MSM
6%
M2Div ES PoRe
6%
M2Div LR Satabandy
6%
M2Div KS SB Coyotes
6%
M2Div PM SB Vaasa II
6%
M2Div SS Soittorasia IV
6%
M2Div ES Tiikerit II
6%
M2Div SS TiPa
6%
M2Div SK VarTa
6%
M2Div SK Iiski
4%
M2Div PM Jeppis FBC
4%
M2Div LR KaKo
4%
M2Div SK Pisaba
4%
M2Div PM RöVe
4%
M2Div KS SaiPa Akatemia
4%
M2Div PM SB Goats
4%
M2Div LR SB Hirvensalo
4%
M2Div LR TPS III
4%
M2Div KS TT Stars
4%
M2Div PM Valaat
4%
M2Div ES IBK Tarkkanen
2%
M2Div PM ISB
2%
M2Div PM Jalas
2%
M2Div SS KeihäsKruunat
2%
M2Div PS KoskRi
2%
M2Div SS Lätty
2%
M2Div PS OVP
2%
M2Div PS Popula
2%
M2Div LR Salba II
2%
M2Div SS SB Luja
2%
M2Div LR SBS Lieto III
2%
M2Div PM SBS PaHa
2%
M2Div PS SBT Suola
2%
M2Div PS SBT Tornio
2%
M2Div PS SS Kanuuna
2%
M2Div SK TDy
2%
M2Div ES Veijarit
2%
M2Div SS VesVi
2%
M2Div LR AFC Campus
0%
M2Div ES ÅIF II
0%
M2Div LR Ryhti
0%
M2Div KS SB Heinola II
0%
M2Div ES VKTP
0%
Ehtoja vastaavia visoja ei löytynyt
Tulosjakauma
Jokaisen tuloksen saaneiden osuus
Persentiili vastausten määrän mukaan
Tuloshistoriasi
Et ole pelannut tätä visaa